=LDR 00000nam 2200000 4500 =001 NUTBA000000000002620 =005 20140623112026.0 =006 =007 =008 =020 ##$$a 979-731-130-9 =035 ##$$0010-061400000000563 =040 ##$$a NBPDMAT =082 ##$$a 658.484 =090 ##$$a 658.484 $b Wul t =100 ##$$a Wulfram I.Ervianto =245 ##$$a Teori - aplikasi manajemen proyek konstruksi / $c Wulfram I.Ervianto =260 ##$$a Jogjakarta : $b Andi, $c 23 cm. =300 ##$$a x, 272 hlm. ; $c 23 cm. =650 ##$$a Manajemen Proyek =850 ##$$a NBPDMAT =990 ##$$a 21402177 =990 ##$$a 0001/BPAP-NTB/2015